Bienvenue à la Médiathèque de Saint-Andiol
banniere
Accueil Recherche avancée Mon compte
handi1 Rechercher dans le catalogue

Filtre   Mots-clés
  Recherche avancée
 
Lister les dernières nouveautés
 
Lister les livres GROS CARACTERES
 
Lister les périodiques (magazines)

handi1 Grenouille qui avait une grande bouche (La)

<< Retourner aux résultats de la recherche
Book Cover
Auteur principal : Keith Faulkner
Autres auteurs : Jonathan Lambert
Titre : Grenouille qui avait une grande bouche (La)
Support : Livres
Langue : Francais
Genre : Album
Sujets :
Étiquettes :
Pas de tags
LEADER 00714nam0a2200193 450
001 16867853
010 |a 2-203-14249-9  |b Cart.  |d 11,5 € 
100 |a 19960611d1996 u u0frey01 ba 
101 0 |a fre 
102 |a FR 
200 0 |a Grenouille qui avait une grande bouche (La)  |f Keith Faulkner  |g ill. Jonathan Lambert 
207 1 |a   
215 |a 16 p.  |c ill. en coul.  |d 26 x 26 cm 
330 |a L'histoire de la grenouille à la grande bouche qui s'en va partout demandant : 'Qu'est-ce que tu manges, toi ?' 
700 0 |a Faulkner  |b Keith  |4 70 
701 0 |a Lambert  |b Jonathan  |4 70 
900 |a Album 
901 |a Jeunesse 
995 |a Médiathèque  |c Médiathèque  |f 00156005062724  |h 00156005062724  |k A FAU  |o p  |q j  |r az  |e Médiathèque